| 000 | 00000nam 2200000za 4500 |
| 001 | 9.861805 |
| 003 | CaOODSP |
| 005 | 20221107160843 |
| 007 | cr ||||||||||| |
| 008 | 180912s2018 onc o f000 0 eng d |
| 040 | |aCaOODSP|beng |
| 041 | |aeng|afre |
| 043 | |an-cn--- |
| 086 | 1 |aT52-4/78-2018-PDF |
| 245 | 00|aCanada's airspace |h[electronic resource] : |binformation on airspace classification and structure. |
| 246 | 1 |iAdded caption title: |aEspace aérien du Canada : |binformation relative à la classification et à la structure de l'espace aérien |
| 250 | |a3rd ed. |
| 260 | |a[Ottawa] : |bTransport Canada = Transports Canada, |c2018. |
| 300 | |a[2] p. |
| 500 | |aCaption title. |
| 500 | |a"7/2018." |
| 546 | |aText in English and French. |
| 693 | 4|aAirspace (Law) |
| 710 | 1 |aCanada. |bTransport Canada. |
| 792 | |tCanada's airspace |efre|w(CaOODSP)9.861806 |
| 795 | |tCanada's airspace : |w(CaOODSP)9.676031 |
| 856 | 40|qPDF|s2.88 MB|uhttps://publications.gc.ca/collections/collection_2018/tc/T52-4-78-2018.pdf |
| 986 | |aTP 1610 |